000 00742nam a2200241Ia 4500
999 _c41108
_d41108
001 7758
003 GE_BSU
005 20220926104630.0
008 181216s2012en xx |||||||||||||| ||eng||
020 _a9780135093573
040 _cGE_BSU
041 _aeng
080 _a747.09 H-24
100 _aHarwood, Buie
_94588
245 _aArchitecture and interior Design /
_c Buie Harwood; Bridget May; Curt Sherman.
264 _aBoston :
_bPrencice Hall,
_c2012.
300 _a883 p.:
_c 29 cm.
653 _aArchitecture and interior Design
653 _aარქიტექტურა და ინტერიერის დიზაინი
700 _aBridget, May
_94589
700 _aCurt, Sherman
_94590
942 _cBK
_2udc